| Registos Bibliográficos associados ao registo de autoridade |
|
Etiqueta de registo: 00254nam 2200025 450 001 2286836 003 http://id.bnportugal.gov.pt/bib/catbnp/2286836 010 ## $a978-989-53695-3-9 021 ## $aPT$b555172/25 100 ## $a20260525d2025 m y0pory01030103ba 101 0# $apor 102 ## $aPT 105 ## $ay z 000yy 106 ## $ar 200 1# $aCom 3 palavrinhas apenas$fAdão Contreiras$gpref. Diana Dionísio 210 #9 $aGorjões ;$aSanta Bárbara de Nexe$cAssociação Casa-Museu José Pinto Contreiras,$d2025 215 ## $a78 p.$d21 cm 700 #1 $aContreiras,$bAdão,$f1944-$31536983 702 #1 $aDionísio,$bDiana,$f1982-$4080$31753601 801 #0 $aPT$bBN$gRPC 966 ## $lBN$mFGMON$x1 966 ## $lBN$mFGMON$x1 971 ## $cabrito$d20260525
Etiqueta de registo: 00000nam 2200025 450 001 2022939 003 http://id.bnportugal.gov.pt/bib/catbnp/2022939 010 ## $a978-989-99152-3-7 021 ## $aPT$b448350/18 100 ## $a20190529d2018 m y0pory01030103ba 101 0# $apor 102 ## $aPT 105 ## $aa z 000gy 106 ## $ar 200 1# $a24 poemas para 23 desenhos e 1 fragmento de Mário Dionísio ainda criança$fDiana Dionísio 210 #9 $aLisboa$cCasa da Achada-Centro Mário Dionísio,$d2018 215 ## $a33 p.$cil.$d21 cm 675 ## $a821.134.3-1"20"$vBN$zpor$31023893 675 ## $a741Dionísio, Mário$vBN$zpor$31496822 675 ## $a741(=1:469)"19"$vBN$zpor$3324842 700 #1 $aDionísio,$bDiana,$f1982-$31753601 702 #1 $aDionísio,$bMário,$f1916-1993$4440$310308 801 #0 $aPT$bBN$gRPC 856 41 $uhttp://rnod.bnportugal.gov.pt/ImagesBN/winlibimg.aspx?skey=&doc=2022939&img=125879&save=true 900 ## $aBIBNAC$d20190605 966 ## $lBN$mFGMON$sL. 148242 V.$x1 966 ## $lBN$mFGMON$sL. 148242 V.-D$x1
|
|
|